Catálogo

PARADIGMAS EN PSICOLOGIA DE LA EDUCACION (Registro nro. 39966)

Detalles MARC
000 -LEADER
fixed length control field 00749nam a2200241 a 4500
001 - CONTROL NUMBER
control field 39966
003 - CONTROL NUMBER IDENTIFIER
control field Mx-PuUPA
005 - DATE AND TIME OF LATEST TRANSACTION
control field 20260223105853.0
008 - FIXED-LENGTH DATA ELEMENTS--GENERAL INFORMATION
fixed length control field 140415s2001 mx 000 0 spa d
020 ## - INTERNATIONAL STANDARD BOOK NUMBER
International Standard Book Number 9688533831
040 ## - CATALOGING SOURCE
Transcribing agency Mx-PuUPA
041 ## - LANGUAGE CODE
Language code of text/sound track or separate title spa
082 ## - DEWEY DECIMAL CLASSIFICATION NUMBER
Classification number 370.15
Item number HER
100 1# - MAIN ENTRY--PERSONAL NAME
Personal name Hernández Rojas, Gerardo,.
9 (RLIN) 5107
245 10 - TITLE STATEMENT
Title PARADIGMAS EN PSICOLOGIA DE LA EDUCACION
250 ## - EDITION STATEMENT
Edition statement 1a ed.
260 #1 - PUBLICATION, DISTRIBUTION, ETC.
Place of publication, distribution, etc. MEXICO :
Name of publisher, distributor, etc. PAIDOS MEXICANA,
Date of publication, distribution, etc. 2001
300 ## - PHYSICAL DESCRIPTION
Extent 267
Dimensions x 15.5 x 22
490 ## - SERIES STATEMENT
Series statement PAIDÓS EDUCADOR
650 14 - SUBJECT ADDED ENTRY--TOPICAL TERM
Topical term or geographic name entry element EDUCACION
General subdivision PSICOLOGIA
-- PSICOLOGIA EDUCATIVA
942 ## - ADDED ENTRY ELEMENTS (KOHA)
Source of classification or shelving scheme Dewey Decimal Classification
Koha item type Libro
Existencias
Withdrawn status Lost status Source of classification or shelving scheme Damaged status Not for loan Collection code Home library Current library Shelving location Date acquired Source of acquisition Inventory number Total Checkouts Total Renewals Full call number Barcode Date last seen Date last checked out Price effective from Koha item type
    Dewey Decimal Classification     General Biblioteca Karol Wojtyla Biblioteca Karol Wojtyla Sala general 03/12/2013 Compra 151000000000000000043575 6 2 370.15 HER 59995 05/01/2026 04/06/2025 03/12/2013 Libro
    Dewey Decimal Classification     General Biblioteca Karol Wojtyla Biblioteca Karol Wojtyla Sala general 03/12/2013 Compra 151000000000000000043576 3   370.15 HER 72280 05/01/2026 27/09/2025 03/12/2013 Libro